000 00405nam a22001457a 4500
005 20180809144900.0
020 _c250.00
035 _aA-735509, A-735510
037 _aDPL
_bENG
100 _aSeereeram, H.
245 _aFundamentals of Hinduism :
_bA basix text /
_cby H. Seereeram
260 _aDelhi
_bGaurav Prakashan
_c1994
300 _a223p.
_c20 cms.
942 _2ddc
_cEN
_h230
_mHAR
999 _c64428
_d64428